<?xml version="1.0" encoding="UTF-8"?>
<record
    xmlns:xsi="http://www.w3.org/2001/XMLSchema-instance"
    xsi:schemaLocation="http://www.loc.gov/MARC21/slim http://www.loc.gov/standards/marcxml/schema/MARC21slim.xsd"
    xmlns="http://www.loc.gov/MARC21/slim">

  <leader>00881nam a2200265 a 4500</leader>
  <controlfield tag="001">BRL_786</controlfield>
  <controlfield tag="005">20190320210909.0</controlfield>
  <controlfield tag="008">071013s1966----sp-ad#####---#000-0#spa-#</controlfield>
  <datafield tag="041" ind1=" " ind2=" ">
    <subfield code="a">spa</subfield>
  </datafield>
  <datafield tag="044" ind1=" " ind2=" ">
    <subfield code="a">sp</subfield>
  </datafield>
  <datafield tag="050" ind1=" " ind2="4">
    <subfield code="a">S591</subfield>
    <subfield code="b">.G76 1966</subfield>
  </datafield>
  <datafield tag="100" ind1="1" ind2=" ">
    <subfield code="a">Gros, Andr&#xE9;</subfield>
    <subfield code="9">24942</subfield>
  </datafield>
  <datafield tag="245" ind1="1" ind2="0">
    <subfield code="a">Abonos</subfield>
    <subfield code="b">Gu&#xED;a pr&#xE1;ctica de la fertilizaci&#xF3;n</subfield>
    <subfield code="c">por Andr&#xE9; Gros ; Pr&#xF3;logo de Jean Lef&#xE9;vre ; Traducida por el Ingeniero Agr&#xF3;nomo Ram&#xF3;n Olalquiaga Soriano.</subfield>
  </datafield>
  <datafield tag="250" ind1=" " ind2=" ">
    <subfield code="a">3a ed.</subfield>
  </datafield>
  <datafield tag="260" ind1=" " ind2=" ">
    <subfield code="a">Madrid</subfield>
    <subfield code="b">Ediciones Mundi-Prensa</subfield>
    <subfield code="c">1966</subfield>
  </datafield>
  <datafield tag="300" ind1=" " ind2=" ">
    <subfield code="a">397 p.</subfield>
    <subfield code="b">il.</subfield>
    <subfield code="c">22 cm.</subfield>
  </datafield>
  <datafield tag="500" ind1=" " ind2=" ">
    <subfield code="a">Au864</subfield>
  </datafield>
  <datafield tag="500" ind1=" " ind2=" ">
    <subfield code="a">Traducci&#xF3;n de: Engrais : guide pratique de la fertilisation.</subfield>
  </datafield>
  <datafield tag="650" ind1="1" ind2="4">
    <subfield code="a">Fertilizaci&#xF3;n</subfield>
    <subfield code="v">Manuales</subfield>
    <subfield code="x">Suelos</subfield>
    <subfield code="9">24943</subfield>
  </datafield>
  <datafield tag="650" ind1="1" ind2="4">
    <subfield code="a">Agricultura</subfield>
    <subfield code="9">24944</subfield>
  </datafield>
  <datafield tag="700" ind1="1" ind2=" ">
    <subfield code="a">Lef&#xE9;vre, Jean</subfield>
    <subfield code="e">pr&#xF3;l.</subfield>
    <subfield code="9">24945</subfield>
  </datafield>
  <datafield tag="700" ind1="1" ind2=" ">
    <subfield code="a">Olalquiaga Soriano, Ram&#xF3;n</subfield>
    <subfield code="e">tr.</subfield>
    <subfield code="9">24946</subfield>
  </datafield>
  <datafield tag="902" ind1=" " ind2=" ">
    <subfield code="a">GRL</subfield>
  </datafield>
  <datafield tag="942" ind1=" " ind2=" ">
    <subfield code="2">lcc</subfield>
    <subfield code="c">B</subfield>
  </datafield>
  <datafield tag="999" ind1=" " ind2=" ">
    <subfield code="c">9598</subfield>
    <subfield code="d">9598</subfield>
  </datafield>
  <datafield tag="952" ind1=" " ind2=" ">
    <subfield code="0">0</subfield>
    <subfield code="1">0</subfield>
    <subfield code="4">0</subfield>
    <subfield code="7">0</subfield>
    <subfield code="a">BRL</subfield>
    <subfield code="b">BRL</subfield>
    <subfield code="d">2013-10-07</subfield>
    <subfield code="i">Au864</subfield>
    <subfield code="l">0</subfield>
    <subfield code="o">S591 .G76 1966 (Au864)</subfield>
    <subfield code="p">GRL00855</subfield>
    <subfield code="r">2019-03-22 00:00:00</subfield>
    <subfield code="w">2019-03-22</subfield>
    <subfield code="y">B</subfield>
  </datafield>
</record>
